00855nam a22001097a 4500008004100000100002300041245002700064260003200091300002000123520058200143773002000725210816b ||||| |||| 00| 0 eng d aHalu, Anikumar B.  aJapan-India relations  a35(410), Apr, 2021: p.22-24 aThird Concept  aThe merging strategic relationship between India and Japan is significant for the future security and stability of the Indo-Asia pacific region. It is also a critical emergent relationship for US security objections across the Asia-pacific region. Therefore, India is the most latent economic and military potential of any state in the winder Asia pacific region. Therefore, India is the state with the greatest potential outside of the United States itself to contribute to the objectives of the “Rebalance to the pacific” announced by Washington in 2011. – Reproduced  aThird Concept